| 000 | 00478 a2200157 4500 | ||
|---|---|---|---|
| 005 | 20260417112808.0 | ||
| 008 | 260321b |||||||| |||| 00| 0 eng d | ||
| 020 | _a9789381997048 | ||
| 080 |
_a17=H _bPAT/J |
||
| 100 | _aPathak,Hemendra | ||
| 245 | _aJeevan aur chanakya niti(जीवन और चाणक्य नीति) | ||
| 260 |
_bAnanya prakashan. _aDelhi. _c2021. |
||
| 300 | _a160p. | ||
| 653 | _aEthics-Moral Philosophy-Chanakya’s principles | ||
| 942 | _cOO | ||
| 999 |
_c113909 _d113908 |
||